| 000 | 00334nam a22001337a 4500 | ||
|---|---|---|---|
| 020 | _a8176482536 | ||
| 040 | _cNUST | ||
| 082 |
_a004 _bBAN |
||
| 100 | _aBansal, S. K. | ||
| 245 | _aInformation Technology and Globalisation | ||
| 260 |
_aNew Delhi: _bA.P.H. Pub. Corp, _c2002. |
||
| 650 | _aInformation technology | ||
| 942 |
_2ddc _cBK |
||
| 999 |
_c611006 _d611006 |
||